地方競馬の重賞レース(2023年) - Statistics

General Stats
  • This quiz has been taken 13 times
  • The average score is 50 of 313
Answer Stats
開催日 競馬場 距離 条件 レース名 % Correct
11/23(木) 浦和 Jpn2 2000m サラ系3歳以上 浦和記念
88%
1/2(月) 帯広 重賞 200m 4歳以上オープン 帯広記念
63%
1/3(火) 水沢 重賞 1600m サラ系3歳 金杯
63%
2/1(水) 川崎 Jpn1 2100m サラ系4歳以上 川崎記念
63%
3/22(水) 浦和 重賞 1500m サラ系3歳牝馬 桜花賞
63%
4/27(木) 笠松 重賞 2500m サラ系4歳以上 オグリキャップ記念
63%
5/24(水) 大井 重賞 2000m サラ系4歳以上 大井記念
63%
12/30(土) 水沢 重賞 1600m サラ系2歳 金杯
63%
12/13(水) 川崎 Jpn1 1600m サラ系2歳 全日本2歳優駿
63%
11/3(金) 大井 Jpn1 1800m サラ系3歳以上牝馬 JBCレディスクラシック
63%
11/3(金) 大井 Jpn1 1200m サラ系3歳以上 JBCスプリント
63%
1/3(火) 川崎 重賞 2100m サラ系4歳以上 報知オールスターカップ
50%
2/9(木) 佐賀 Jpn3 2000m サラ系4歳以上 佐賀記念
50%
3/1(水) 川崎 Jpn2 2100m サラ系4歳以上牝馬 エンプレス杯
50%
3/16(木) 名古屋 Jpn3 2000m サラ系4歳以上 名古屋大賞典
50%
3/20(月) 帯広 重賞 200m 4歳以上オープン ばんえい記念
50%
5/4(木) 船橋 Jpn1 1600m サラ系4歳以上 かしわ記念
50%
5/31(水) 浦和 Jpn2 1400m サラ系4歳以上 さきたま杯
50%
6/14(水) 川崎 Jpn2 2100m サラ系3歳牝馬 関東オークス
50%
6/22(木) 門別 重賞 2000m サラ系3歳以上 赤レンガ記念
50%
6/28(水) 大井 Jpn1 2000m サラ系4歳以上 帝王賞
50%
7/12(水) 大井 Jpn1 2000m サラ系3歳 ジャパンダートダービー
50%
8/15(火) 盛岡 Jpn3 1200m サラ系3歳以上 クラスターカップ
50%
9/26(火) 金沢 Jpn3 2100m サラ系3歳以上 白山大賞典
50%
9/27(水) 船橋 Jpn2 1800m サラ系3歳以上 日本テレビ盃
50%
10/5(木) 大井 Jpn2 1800m サラ系3歳以上牝馬 レディスプレリュード
50%
10/9(月) 盛岡 Jpn1 1600m サラ系3歳以上 マイルチャンピオンシップ南部杯
50%
10/11(水) 川崎 重賞 1500m サラ系2歳 鎌倉記念
50%
10/31(火) 大井 重賞 1600m サラ系2歳 ハイセイコー記念
50%
12/21(木) 浦和 重賞 1400m サラ系3歳以上 ゴールドカップ
50%
12/29(金) 大井 GⅠ 2000m サラ系3歳以上 東京大賞典
50%
11/3(金) 大井 Jpn1 2000m サラ系3歳以上 JBCクラシック
50%
11/3(金) 門別 Jpn3 1800m サラ系2歳 JBC2歳優駿
50%
1/11(水) 浦和 重賞 1500m サラ系3歳 ニューイヤーカップ
38%
3/12(日) 佐賀 重賞 2000m サラ系3歳以上 はがくれ大賞典
38%
3/15(水) 船橋 Jpn2 2400m サラ系4歳以上 ダイオライト記念
38%
3/29(水) 大井 重賞 1700m サラ系3歳 京浜盃
38%
4/11(火) 名古屋 重賞 1500m サラ系4歳以上 東海桜花賞
38%
4/12(水) 船橋 Jpn3 1600m サラ系3歳以上牝馬 マリーンカップ
38%
5/10(水) 大井 重賞 1800m サラ系3歳 羽田盃
38%
5/17(水) 川崎 重賞 1600m サラ系3歳以上 川崎マイラーズ
38%
5/30(火) 高知 重賞 1600m サラ系4歳以上 福永洋一記念
38%
6/7(水) 大井 重賞 2000m サラ系3歳 東京ダービー
38%
6/11(日) 水沢 重賞 2000m サラ系3歳 東北優駿(岩手ダービー)
38%
6/14(水) 園田 重賞 1870m サラ系3歳 兵庫ダービー
38%
6/15(木) 門別 重賞 2000m サラ系3歳 北海優駿(ダービー)
38%
6/18(日) 高知 重賞 1900m サラ系3歳 高知優駿
38%
6/22(木) 笠松 重賞 1600m サラ系3歳牝馬 クイーンカップ
38%
7/25(火) 船橋 重賞 1000m サラ系3歳以上 習志野きらっとスプリント
38%
8/2(水) 大井 重賞 1600m サラ系3歳以上 サンタアニタトロフィー
38%
8/9(水) 船橋 重賞 1800m サラ系4歳以上 フリオーソレジェンドカップ
38%
8/16(水) 大井 重賞 1800m サラ系3歳 黒潮盃
38%
8/16(水) 佐賀 重賞 1400m 九州産サラ系3歳以上 霧島賞
38%
8/17(木) 門別 Jpn3 2000m サラ系3歳以上牝馬 ブリーダーズゴールドカップ
38%
8/27(日) 高知 重賞 1900m サラ系3歳 黒潮菊花賞
38%
8/31(木) 佐賀 Jpn3 1400m サラ系3歳以上 サマーチャンピオン
38%
9/6(水) 大井 重賞 2400m サラ系3歳以上 東京記念
38%
10/1(日) 佐賀 重賞 1400m サラ系2歳 ネクストスター佐賀
38%
10/4(水) 大井 Jpn2 1200m サラ系3歳以上 東京盃
38%
10/29(日) 高知 重賞 1400m サラ系2歳 ネクストスター高知
38%
11/1(水) 門別 Jpn3 1200m サラ系2歳牝馬 エーデルワイス賞
38%
11/8(水) 川崎 重賞 2100m サラ系3歳牝馬 ロジータ記念
38%
11/9(木) 門別 重賞 2000m サラ系3歳以上 道営記念
38%
12/21(木) 名古屋 Jpn2 2100m サラ系3歳以上 名古屋グランプリ
38%
12/30(土) 大井 重賞 1600m サラ系3歳以上牝馬 東京シンデレラマイル
38%
1/25(水) 大井 Jpn3 1800m サラ系4歳以上牝馬 TCK女王盃
38%
1/4(水) 名古屋 重賞 1500m サラ系4歳以上 名古屋記念
25%
1/18(水) 船橋 重賞 1000m サラ系4歳以上 船橋記念
25%
2/2(木) 姫路 重賞 2000m サラ系4歳以上 白鷺賞
25%
2/8(水) 船橋 重賞 1800m サラ系4歳以上 報知グランプリカップ
25%
2/22(水) 大井 重賞 2600m サラ系4歳以上 金盃
25%
2/23(木) 大井 重賞 1800m サラ系3歳 雲取賞
25%
3/9(木) 大井 重賞 1400m サラ系4歳以上 フジノウェーブ記念
25%
4/5(水) 川崎 重賞 1600m サラ系3歳 クラウンカップ
25%
4/19(水) 大井 Jpn3 1200m サラ系4歳以上 東京スプリント
25%
5/2(火) 船橋 重賞 1200m サラ系3歳 若潮スプリント
25%
5/2(火) 名古屋 Jpn3 1500m サラ系4歳以上 かきつばた記念
25%
5/3(水) 園田 Jpn2 1870m サラ系3歳 兵庫チャンピオンシップ
25%
5/4(木) 門別 重賞 1600m サラ系3歳 北斗盃
25%
5/7(日) 盛岡 重賞 1600m サラ系オープン シアンモア記念
25%
5/11(木) 大井 重賞 1800m サラ系3歳牝馬 東京プリンセス賞
25%
5/25(木) 門別 重賞 1600m サラ系3歳以上牝馬 ヒダカソウカップ
25%
5/25(木) 笠松 重賞 1400m サラ系3歳 ぎふ清流カップ
25%
6/27(火) 大井 重賞 1200m サラ系3歳 優駿スプリント
25%
7/5(水) 川崎 Jpn3 1600m サラ系3歳以上牝馬 スパーキングレディーカップ
25%
7/16(日) 帯広 重賞 200m 3歳以上オープン 旭川記念
25%
8/29(火) 門別 重賞 1800m サラ系3歳 王冠賞
25%
9/3(日) 水沢 重賞 2000m サラ系3歳 不来方賞
25%
9/10(日) 佐賀 重賞 2000m サラ系3歳 西日本ダービー
25%
9/14(木) 門別 重賞 1200m サラ系3歳以上 ウポポイオータムスプリント
25%
9/14(木) 川崎 重賞 2100m サラ系3歳 戸塚記念
25%
9/22(金) 名古屋 重賞 1500m サラ系3歳 秋の鞍
25%
10/1(日) 盛岡 重賞 2000m サラ系3歳 ダービーグランプリ
25%
10/5(木) 門別 重賞 1200m サラ系2歳 ネクストスター門別
25%
10/11(水) 門別 重賞 1700m サラ系2歳牝馬 ブロッサムカップ
25%
10/12(木) 笠松 重賞 1400m サラ系2歳 ネクストスター笠松
25%
10/12(木) 園田 重賞 1400m サラ系2歳 ネクストスター園田
25%
10/18(水) 浦和 重賞 2000m サラ系3歳以上 埼玉新聞栄冠賞
25%
10/20(金) 園田 重賞 1230m サラ系3歳以上 兵庫ゴールドカップ
25%
10/31(火) 名古屋 重賞 1500m サラ系2歳 ネクストスター名古屋
25%
11/8(水) 門別 重賞 1200m サラ系3歳以上 道営スプリント
25%
11/15(水) 大井 重賞 1600m サラ系3歳以上 マイルグランプリ
25%
11/21(火) 笠松 重賞 1400m サラ系3歳以上 笠松グランプリ
25%
11/30(木) 船橋 重賞 1000m サラ系3歳以上 船橋記念
25%
12/3(日) 帯広 重賞 200m 3歳牝馬オープン ばんえいオークス
25%
12/7(木) 大井 重賞 1800m サラ系3歳以上 勝島王冠
25%
12/29(金) 帯広 重賞 200m 3歳オープン ばんえいダービー
25%
9/7(木) 大井 重賞 1200m サラ系3歳以上 アフター5スター賞
25%
9/26(火) 盛岡 重賞 1700m サラ系オープン 岩手県知事杯OROカップ
25%
1/3(火) 帯広 重賞 200m 5歳オープン 天馬賞
13%
1/3(火) 園田 重賞 1870m サラ系4歳以上 新春賞
13%
1/26(木) 笠松 重賞 1400m サラ系4歳以上 白銀争覇
13%
2/5(日) 帯広 重賞 200m 3歳牡馬オープン 翔雲賞
13%
2/9(木) 笠松 重賞 1600m サラ系3歳 ゴールドジュニア
13%
2/15(水) 浦和 重賞 1400m サラ系3歳牝馬 ユングフラウ賞
13%
2/23(木) 笠松 重賞 1800m サラ系4歳以上 ウインター争覇
13%
2/23(木) 佐賀 重賞 1400m 九州産JRA サラ系3歳1勝クラス以下九州産地方 サラ系3歳 たんぽぽ賞
13%
2/28(火) 名古屋 重賞 1700m サラ系3歳 スプリングカップ
13%
3/12(日) 帯広 重賞 200m 4歳・5歳オープン ポプラ賞
13%
3/14(火) 高知 Jpn3 1400m サラ系4歳以上 黒船賞
13%
4/2(日) 水沢 重賞 1600m サラ系3歳 スプリングカップ
13%
4/20(木) 大井 重賞 1800m サラ系4歳以上 ブリリアントカップ
13%
4/30(日) 高知 重賞 1400m サラ系3歳 黒潮皐月賞
13%
5/3(水) 船橋 重賞 1700m サラ系3歳 東京湾カップ
13%
5/3(水) 名古屋 重賞 2000m サラ系3歳 駿蹄賞
13%
5/4(木) 園田 重賞 1870m サラ系4歳以上 兵庫大賞典
13%
5/31(水) 名古屋 重賞 2100m サラ系3歳 東海ダービー
13%
6/4(日) 金沢 重賞 2100m サラ系3歳以上 百万石賞
13%
6/11(日) 佐賀 重賞 900m サラ系3歳以上 佐賀がばいダッシュ
13%
6/20(火) 水沢 重賞 2000m サラ系オープン 一條記念みちのく大賞典
13%
6/27(火) 門別 重賞 1200m サラ系2歳 栄冠賞
13%
6/27(火) 金沢 重賞 2000m サラ系3歳 石川ダービー
13%
7/6(木) 笠松 重賞 1400m サラ系3歳以上 サマーカップ
13%
7/11(火) 盛岡 重賞 1800m サラ系3歳牝馬 ひまわり賞(オークス)
13%
7/13(木) 門別 重賞 1000m サラ系2歳牝馬 リリーカップ
13%
7/16(日) 高知 重賞 1300m サラ系3歳以上 トレノ賞
13%
7/17(月) 盛岡 Jpn3 2000m サラ系3歳以上 マーキュリーカップ
13%
7/19(水) 浦和 重賞 1400m サラ系3歳以上 プラチナカップ
13%
7/27(木) 門別 重賞 1200m サラ系2歳 サッポロクラシックカップ
13%
7/30(日) 帯広 重賞 200m 3歳オープン ばんえい大賞典
13%
8/13(日) 帯広 重賞 200m 3歳以上オープン ばんえいグランプリ
13%
8/15(火) 門別 重賞 1200m サラ系3歳 星雲賞
13%
8/16(水) 門別 重賞 1600m サラ系3歳以上 旭岳賞
13%
8/20(日) 佐賀 重賞 1750m サラ系3歳以上 九州チャンピオンシップ
13%
8/22(火) 名古屋 重賞 920m サラ系3歳以上 ベイスプリント
13%
8/24(木) 門別 重賞 1200m サラ系2歳牝馬 フルールカップ
13%
8/27(日) 金沢 重賞 2000m サラ系3歳以上 イヌワシ賞
13%
8/30(水) 浦和 重賞 1400m サラ系2歳 ルーキーズサマーカップ
13%
8/31(木) 園田 重賞 1400m サラ系2歳 兵庫若駒賞
13%
9/5(火) 名古屋 重賞 1700m サラ系3歳以上牝馬 秋桜賞
13%
9/15(金) 園田 重賞 1400m サラ系3歳以上 園田チャレンジカップ
13%
9/17(日) 帯広 重賞 200m 3歳以上オープン 岩見沢記念
13%
9/20(水) 門別 重賞 1800m サラ系2歳 サンライズカップ
13%
9/20(水) 浦和 Jpn3 1400m サラ系3歳以上 テレ玉杯オーバルスプリント
13%
9/21(木) 大井 重賞 1200m サラ系2歳 ゴールドジュニア
13%
9/24(日) 帯広 重賞 200m 4歳オープン 銀河賞
13%
9/24(日) 金沢 重賞 1400m サラ系2歳 ネクストスター金沢
13%
9/28(木) 門別 重賞 1800m サラ系3歳以上 瑞穂賞
13%
9/28(木) 笠松 重賞 1900m サラ系3歳以上 オータムカップ
13%
10/3(火) 盛岡 重賞 1400m サラ系2歳 ネクストスター盛岡
13%
10/25(水) 船橋 重賞 1600m サラ系2歳 平和賞
13%
10/29(日) 帯広 重賞 200m 3歳以上オープン 北見記念
13%
11/1(水) 園田 重賞 1400m サラ系3歳 楠賞
13%
11/5(日) 帯広 重賞 200m 3歳オープン ばんえい菊花賞
13%
11/5(日) 金沢 重賞 2600m サラ系3歳以上 北國王冠
13%
11/7(火) 川崎 重賞 1600m サラ系2歳牝馬 ローレル賞
13%
11/12(日) 帯広 重賞 200m 4歳牝馬オープン クインカップ
13%
11/12(日) 佐賀 重賞 2500m サラ系3歳以上 九州大賞典
13%
11/16(木) 名古屋 重賞 2100m サラ系3歳以上 東海菊花賞
13%
11/22(水) 園田 Jpn2 1400m サラ系2歳 兵庫ジュニアグランプリ
13%
12/7(木) 園田 重賞 1870m サラ系3歳以上 園田金盃
13%
12/10(日) 水沢 重賞 1600m サラ系2歳 寒菊賞
13%
12/14(木) 川崎 重賞 1600m サラ系3歳以上 神奈川記念
13%
12/20(水) 園田 Jpn3 1400m サラ系3歳以上 兵庫ゴールドトロフィー
13%
12/31(日) 園田 重賞 1700m サラ系2歳 園田ジュニアカップ
13%
12/31(日) 高知 重賞 2400m サラ系3歳以上 高知県知事賞
13%
12/31(日) 大井 重賞 1600m サラ系2歳牝馬 東京2歳優駿牝馬
13%
10/15(日) 金沢 重賞 1400m サラ系3歳 MRO金賞
13%
1/15(日) 高知 重賞 1400m サラ系4歳以上 大高坂賞
0%
1/15(日) 佐賀 重賞 1300m サラ系4歳以上 ゴールドスプリント
0%
1/17(火) 名古屋 重賞 1700m サラ系3歳 新春ペガサスカップ
0%
1/22(日) 佐賀 重賞 1800m サラ系3歳牝馬 花吹雪賞
0%
1/26(木) 姫路 重賞 1400m サラ系3歳牝馬 兵庫クリーンセレクション
0%
1/29(日) 帯広 重賞 200m 4歳以上牝馬オープン ヒロインズカップ
0%
1/29(日) 高知 重賞 1300m サラ系4歳以上 黒潮スプリンターズカップ
0%
2/2(木) 名古屋 重賞 2000m サラ系4歳以上 梅見月杯
0%
2/12(日) 帯広 重賞 200m 3歳牝馬オープン 黒ユリ賞
0%
2/12(日) 高知 重賞 1600m サラ系4歳以上 だるま夕日賞
0%
2/19(日) 帯広 重賞 200m 4歳以上重賞競走優勝馬 チャンピオンカップ
0%
2/23(木) 姫路 重賞 1400m サラ系4歳以上 兵庫ウインターカップ
0%
3/2(木) 姫路 重賞 1400m サラ系3歳 兵庫ユースカップ
0%
3/5(日) 佐賀 重賞 1400m サラ系3歳 飛燕賞
0%
3/14(火) 名古屋 重賞 1700m サラ系3歳 中京ペガスターカップ
0%
3/16(木) 船橋 重賞 1600m サラ系4歳以上 京成杯グランドマイラーズ
0%
3/19(日) 帯広 重賞 200m 3歳オープン イレネー記念
0%
3/19(日) 高知 重賞 1300m サラ系3歳 土佐春花賞
0%
3/23(木) 笠松 重賞 1900m サラ系4歳以上 マーチカップ
0%
3/26(日) 高知 重賞 1400m サラ系4歳以上 御厨人窟賞
0%
3/26(日) 佐賀 重賞 1400m サラ系3歳以上 九州クラウン
0%
3/30(木) 名古屋 重賞 1500m サラ系3歳牝馬 若草賞土古記念
0%
4/5(水) 笠松 重賞 1600m サラ系3歳 新緑賞
0%
4/6(木) 園田 重賞 1700m サラ系3歳 菊水賞
0%
4/9(日) 水沢 重賞 1600m サラ系オープン 赤松杯
0%
4/9(日) 佐賀 重賞 1800m サラ系3歳牝馬 ル・プランタン賞
0%
4/16(日) 水沢 重賞 1600m サラ系3歳牝馬 留守杯日高賞
0%
4/16(日) 高知 重賞 1900m サラ系4歳以上 二十四万石賞
0%
4/16(日) 佐賀 重賞 1400m サラ系4歳以上牝馬 佐賀ヴィーナスカップ
0%
4/20(木) 名古屋 重賞 1700m サラ系3歳牝馬 東海クイーンカップ
0%
4/23(日) 水沢 重賞 1400m サラ系オープン 栗駒賞
0%
4/23(日) 金沢 重賞 1500m サラ系4歳以上 金沢スプリングカップ
0%
4/26(水) 浦和 重賞 1400m サラ系4歳以上牝馬 しらさぎ賞
0%
4/27(木) 門別 重賞 1200m サラ系3歳以上 エトワール賞
0%
4/30(日) 帯広 重賞 200m 4歳以上選抜 ばんえい十勝オッズパーク杯
0%
4/30(日) 盛岡 重賞 1600m サラ系3歳 ダイヤモンドカップ
0%
4/30(日) 佐賀 重賞 1800m サラ系3歳 佐賀皐月賞
0%
5/2(火) 金沢 重賞 1500m サラ系3歳牝馬 ノトキリシマ賞
0%
5/7(日) 帯広 重賞 200m 3歳以上牝馬オープン カーネーションカップ
0%
5/7(日) 金沢 重賞 2000m サラ系4歳以上 利家盃
0%
5/11(木) 門別 重賞 1800m サラ系3歳以上 コスモパルク記念
0%
5/11(木) 園田 重賞 1700m サラ系3歳牝馬 のじぎく賞
0%
5/14(日) 金沢 重賞 1700m サラ系3歳 北日本新聞杯
0%
5/14(日) 佐賀 重賞 1800m サラ系3歳以上 佐賀スプリングカップ
0%
5/21(日) 盛岡 重賞 1800m サラ系オープン あすなろ賞
0%
5/21(日) 金沢 重賞 1500m サラ系3歳以上牝馬 お松の方賞
0%
5/28(日) 水沢 重賞 1600m サラ系3歳 イーハトーブマイル
0%
5/28(日) 佐賀 重賞 2000m サラ系3歳 九州ダービー栄城賞
0%
6/1(木) 門別 Jpn3 1200m サラ系3歳以上 北海道スプリントカップ
0%
6/1(木) 園田 重賞 2400m サラ系4歳以上 六甲盃
0%
6/4(日) 水沢 重賞 850m サラ系オープン 早池峰スーパースプリント
0%
6/9(金) 笠松 重賞 1400m サラ系3歳以上 飛山濃水杯
0%
6/13(火) 川崎 重賞 900m サラ系4歳以上 川崎スパーキングスプリント
0%
6/15(木) 名古屋 重賞 1700m サラ系3歳以上 トリトン争覇
0%
6/18(日) 帯広 重賞 200m 3歳以上オープン 北斗賞
0%
6/18(日) 金沢 重賞 900m サラ系3歳以上 日本海スプリント
0%
6/25(日) 盛岡 重賞 1400m サラ系3歳 ウイナーカップ
0%
6/25(日) 佐賀 重賞 1400m サラ系3歳 佐賀ユースカップ
0%
7/2(日) 帯広 重賞 200m 4歳オープン 柏林賞
0%
7/2(日) 盛岡 重賞 1200m サラ系オープン 岩鷲賞
0%
7/4(火) 門別 重賞 1000m サラ系3歳以上 グランシャリオ門別スプリント
0%
7/6(木) 門別 重賞 1800m サラ系3歳以上牝馬 ノースクイーンカップ
0%
7/9(日) 盛岡 重賞 1700m サラ系3歳 オパールカップ
0%
7/9(日) 金沢 重賞 1400m サラ系3歳牝馬 加賀友禅賞
0%
7/9(日) 佐賀 重賞 2000m サラ系3歳以上 佐賀王冠賞
0%
7/14(金) 園田 重賞 1700m サラ系3歳以上牝馬 兵庫サマークイーン賞
0%
7/17(月) 名古屋 重賞 2000m サラ系3歳以上 名港盃
0%
7/23(日) 盛岡 重賞 1200m サラ系3歳 ハヤテスプリント
0%
7/23(日) 佐賀 重賞 1400m サラ系3歳以上 吉野ヶ里記念
0%
7/30(日) 盛岡 重賞 2400m サラ系オープン せきれい賞
0%
8/1(火) 盛岡 重賞 1600m サラ系2歳 若鮎賞
0%
8/3(木) 笠松 重賞 1400m サラ系3歳以上牝馬 撫子争覇
0%
8/6(日) 盛岡 重賞 1800m サラ系3歳 やまびこ賞
0%
8/8(火) 金沢 重賞 1500m サラ系3歳以上牝馬 読売レディス杯
0%
8/10(木) 門別 重賞 1700m サラ系2歳 ブリーダーズゴールドジュニアカップ
0%
8/10(木) 園田 重賞 1400m サラ系2歳 兵庫ジュベナイルカップ
0%
8/11(金) 園田 重賞 1700m サラ系3歳以上 摂津盃
0%
8/13(日) 盛岡 重賞 1600m サラ系オープン いしがきマイラーズ
0%
8/13(日) 佐賀 重賞 2000m サラ系3歳 ロータスクラウン賞
0%
8/16(水) 笠松 重賞 1600m サラ系3歳以上 くろゆり賞
0%
8/20(日) 水沢 重賞 1400m サラ系2歳 ビギナーズカップ
0%
8/20(日) 高知 重賞 1400m サラ系3歳以上 建依別賞
0%
8/23(水) 川崎 重賞 1600m サラ系3歳以上 スパーキングサマーカップ
0%
8/27(日) 帯広 重賞 200m 3歳・4歳オープン はまなす賞
0%
8/27(日) 水沢 重賞 2000m サラ系オープン牝馬 ビューチフルドリーマーカップ
0%
8/29(火) 金沢 重賞 1400m サラ系2歳 石川テレビ杯
0%
8/30(水) 笠松 重賞 1900m サラ系3歳 岐阜金賞
0%
9/3(日) 金沢 重賞 2000m サラ系3歳 サラブレッド大賞典
0%
9/3(日) 佐賀 重賞 1400m サラ系2歳 九州ジュニアチャンピオン
0%
9/6(水) 門別 重賞 1600m サラ系2歳牝馬 フローラルカップ
0%
9/7(木) 門別 重賞 1200m サラ系2歳 イノセントカップ
0%
9/7(木) 園田 重賞 1700m サラ系3歳 園田オータムトロフィー
0%
9/10(日) 水沢 重賞 1600m サラ系オープン 青藍賞
0%
9/13(水) 川崎 重賞 1500m サラ系2歳 若武者賞
0%
9/17(日) 盛岡 重賞 1600m サラ系2歳 ジュニアグランプリ
0%
9/18(月) 高知 重賞 1900m サラ系3歳以上 珊瑚冠賞
0%
9/21(木) 園田 重賞 1400m サラ系2歳牝馬 園田プリンセスカップ
0%
9/24(日) 盛岡 重賞 1200m サラ系オープン牝馬 ヴィーナススプリント
0%
9/24(日) 佐賀 重賞 2000m サラ系3歳以上 鳥栖大賞
0%
9/28(木) 園田 重賞 1700m サラ系3歳以上 姫山菊花賞
0%
10/5(木) 名古屋 重賞 1500m サラ系3歳以上 ゴールド争覇
0%
10/8(日) 金沢 重賞 1400m サラ系3歳以上 金沢スプリントカップ
0%
10/15(日) 帯広 重賞 200m 2歳オープン ナナカマド賞
0%
10/15(日) 盛岡 重賞 1600m サラ系2歳 若駒賞
0%
10/15(日) 佐賀 重賞 1400m サラ系3歳以上 佐賀オータムスプリント
0%
10/17(火) 盛岡 重賞 2400m サラ系3歳 サファイア賞
0%
10/22(日) 金沢 重賞 1500m サラ系2歳牝馬 金沢シンデレラカップ
0%
10/22(日) 佐賀 重賞 1800m サラ系2歳 カペラ賞
0%
10/27(金) 園田 重賞 1870m サラ系3歳以上牝馬 兵庫クイーンカップ
0%
10/29(日) 盛岡 重賞 1400m サラ系2歳牝馬 プリンセスカップ
0%
11/5(日) 盛岡 重賞 1200m サラ系オープン 絆カップ
0%
11/5(日) 高知 重賞 1600m サラ系3歳以上 黒潮マイルチャンピオンシップ
0%
11/9(木) 笠松 重賞 1600m サラ系2歳牝馬 ラブミーチャン記念
0%
11/12(日) 盛岡 重賞 1600m サラ系2歳 南部駒賞
0%
11/19(日) 盛岡 重賞 2600m サラ系オープン 北上川大賞典
0%
11/19(日) 金沢 重賞 1400m サラ系3歳以上牝馬 徽軫賞
0%
11/19(日) 高知 重賞 1600m サラ系3歳 土佐秋月賞
0%
11/21(火) 金沢 重賞 1700m サラ系2歳 金沢ヤングチャンピオン
0%
11/26(日) 帯広 重賞 200m 4歳以上馬齢選抜 ドリームエイジカップ
0%
11/26(日) 佐賀 重賞 1400m サラ系3歳以上 ウインターチャンピオン
0%
11/28(火) 名古屋 重賞 1700m サラ系2歳 ゴールドウィング賞
0%
11/29(水) 船橋 Jpn3 1800m サラ系3歳以上牝馬 クイーン賞
0%
12/3(日) 水沢 重賞 1600m サラ系オープン トウケイニセイ記念
0%
12/3(日) 金沢 重賞 2000m サラ系3歳以上 中日杯
0%
12/3(日) 佐賀 重賞 1400m サラ系2歳牝馬 フォーマルハウト賞
0%
12/24(日) 佐賀 重賞 1800m サラ系3歳以上 中島記念
0%
12/28(木) 高知 重賞 1400m サラ系2歳 金の鞍賞
0%
12/30(土) 帯広 重賞 200m 2歳産駒特別選抜 ヤングチャンピオンシップ
0%
12/30(土) 笠松 重賞 1400m サラ系2歳 ライデンリーダー記念
0%
12/31(日) 水沢 重賞 2000m サラ系オープン 桐花賞
0%
12/31(日) 笠松 重賞 1900m サラ系3歳以上 東海ゴールドカップ
0%
4/9(日) 金沢 重賞 1900m サラ系4歳以上 金沢競馬移転50周年記念
0%
6/22(木) 園田 重賞 820m サラ系3歳以上 園田FCスプリント
0%
9/18(月) 盛岡 重賞 2000m サラ系3歳以上牝馬 OROオータムティアラ
0%
10/22(日) 盛岡 重賞 1000m サラ系オープン OROターフスプリント
0%
No matching quizzes found
Score Distribution
Percent of People with Each Score
Percentile by Number Answered
Your Score History
You have not taken this quiz